00428nam a2200181Ia 4500008004100000020001800041050001600059100002000075245002400095245002300119260001500142260001600157260000900173300001600182300002000198300001000218300001800228170918s9999 xx 000 0 und d a9780545603775 bS381mi 2014 aSchroeder, Lisa aMia's golden bird / cby Lisa Schroeder. aNew York : bScholastic, c2014 a171 pages : billustrations ; c19cm. eCharmed life.